Holiday Quiz

Random Holiday or Song Quiz
Score 0/16 Timer 10:00
0 Plays Today
Hint Answer % Correct
You know Dasher and Dancer and Prancer and Vixen Comet and Cupid and Donner and Blitzen But do you recall The most famous reindeer of all?Rudolph the Red-Nosed reindeer
76.9%
When we finally kiss goodnight How I'll hate goin' out in the storm But if you'll really hold me tight All the way home I'll be warmLet it snow!
72.3%
He sees you when you're sleepin' He knows when you're a wake He knows if you've been bad or good So be good for goodness sake.Santa Claus is coming to town
70.8%
There must have been some magic In that old silk hat they found For when they placed it on his head He began to dance aroundFrosty the Snowman
66.2%
Fast away the old year passes Fa-la-la-la-la, la-la-la-la Hail the new year, lads and lasses Fa-la-la-la-la, la-la-la-la Sing we joyous, all together Fa-la-la, la-la-la, la-la-la HDeck the halls
66.2%
Dancin' and prancin' in Jingle Bell Square In the frosty air What a bright time, it's the right time To rock the night away Jingle bell time is a swell time To go glidin' in a one-Jingle bell rock!
64.6%
Oh, I won't ask for much this Christmas I won't even wish for snow And I'm just gonna keep on waiting Underneath the mistletoe I won't make a list and send it To the North Pole forAll I want for Christmas is you!
56.9%
Through the years we all will be together If the fates allow Hang a shining star upon the highest placeHave yourself a merry little Christmas
53.8%
Hint Answer % Correct
You will get a sentimental feeling when you hear Voices singing, let's be jolly Deck the halls with boughs of hollyRocking around the Christmas tree
50.8%
The three words that best describe you, Are, and I quote: 'Stink. Stank. Stunk.'You're a mean one, Mr. Grinch
47.7%
A pair of hop-along boots and a pistol that shoots Is the wish of Barney and Ben Dolls that will talk and will go for a walk Is the hope of Janice and Jen And Mom and Dad can hardlIt's beginning to look a lot like Christmas
44.6%
In the meadow we can build a snowman And pretend that he's a circus clown We'll have lots of fun with mister snowman Until the other kitties knock him downWinter Wonderland
44.6%
Once bitten and twice shy I keep my distance But you still catch my eye Tell me, baby Do you recognize me? Well, it's been a year It doesn't surprise me (Merry Christmas!) I wrappeLast Christmas
38.5%
First comes the stocking of little Nell Oh, dear Santa fill it well Give her a dolly that laughs and cries One that can open and shut her eyes Ho, ho, ho! Who wouldn't go? Ho, ho, Up on the housetop
36.9%
Said Santa to a girl child what would please you most to get? A little baby doll that can cry, sleep, drink and wet And then away went Rudolph a whizzing like a Saber jetRun run Rudolph
18.5%
Do you remember The one you used to know I'm not the same one See what the time's done Is that why you have let me goWhere are you Christmas?!
7.7%
Remove Ads.
Support Sporcle.
Get the best of Sporcle when you Go Orange. This ad-free experience offers more features, more stats, and more fun while also helping to support Sporcle. Thank you for becoming a member.

You're not logged in!

Compare scores with friends on all Sporcle quizzes.
OR
Log In

Show Comments

Extras

Created Dec 12, 2018ReportNominate
Tags:Christmas Quiz, Song Quiz

Top Quizzes Today


Score Distribution

Your Account Isn't Verified!

In order to create a playlist on Sporcle, you need to verify the email address you used during registration. Go to your Sporcle Settings to finish the process.

Report this User

Report this user for behavior that violates our Community Guidelines.

Details: